| 000 | 00815cam a2200241 4500 | ||
|---|---|---|---|
| 001 | J105942 | ||
| 008 | 000000n1995 000 0 eng u | ||
| 035 | _a(Sirsi) u105942 | ||
| 041 | _aeng | ||
| 050 | _a690 | ||
| 110 |
_aLoss Prevention Council _91863 |
||
| 245 | _aProperty subject to structural movement : guidelines on the assessment of cracks. | ||
| 260 |
_aFire Protection Association _c1995 |
||
| 300 | _a16p, ; 30cm | ||
| 350 | _a15.00 | ||
| 490 |
_aLPR _v3 |
||
| 520 | _aExplains the difference between property damage due to superstructure defects and damage due to foundation movement. Gives advice on the identification on various types of cracking. | ||
| 650 | _aCRACKING | ||
| 650 | _aSUBSIDENCE | ||
| 650 | _aLANDSLIP | ||
| 690 | _aBUILT ENVIRONMENT-BUILDING PATHOLOGY | ||
| 942 | _n0 | ||
| 999 |
_c100506 _d100506 |
||